000 00406nam a2200157Ia 4500
008 200103s9999||||xx |||||||||||||| ||und||
020 _a9780117728806
082 _a623.89
_bMOD
100 _aMinistry of Defence (Navy)
245 0 _aAdmiralty manual of navigation
250 _aVol. 1 & 2
260 _bMinistry of Defence
_c1987
_aLondon
300 _axviii, 697p.
650 _aNavigation
942 _cBK
999 _c3029
_d3029